| 000 | 00943nam a22001577a 4500 | ||
|---|---|---|---|
| 003 | OSt | ||
| 005 | 20151024100240.0 | ||
| 008 | 151024b xxu||||| |||| 00| 0 eng d | ||
| 040 | _cRUA | ||
| 082 | _aAVM YIM 2012 B0101 Or.1 | ||
| 100 |
_92735 _aYIM AFRIL |
||
| 245 | _aEffect of using leucaena leucocephala and sweet potato vines in concentrate on growth performance of quail at animal experimental station of royal university of agriculture, (ប្រសីទ្ធភាពនៃការប្រើប្រាស់ស្លឹកកន្ធំថេត និងទងដំឡូងជ្វាក្នុងចំណីផ្សំ លើការលូតលាស់របស់ក្រួច នៅស្ថានីយ៍ពិសោធន៍ នៃសាកលវិទ្យាល័យភូមិន្ទកសិកម្ម) | ||
| 260 |
_aPhnom Penh _bRua _c2012 |
||
| 300 |
_ax, 44p. _bill. _c29cm. |
||
| 942 |
_2ddc _cAVM |
||
| 999 |
_c2559 _d2559 |
||